Bundesliga Spieler mit den meisten Joker Toren - Statistiken

Allgemein
  • Dieses Quiz wurde 102 mal gespielt
  • Das Durchschnittsergebnis liegt bei 5 aus 13
Antwortstatistiken
Geburtsdatum Verein Jokertore Antwort % Korrekt
06.12.1988 FC Carl Zeiss JenaEnergie Cottbus FC Bayern München SV Werder Bremen SC Freiburg 33 Nils Petersen
96%
03.10.1978 SV Werder BremenFC Bayern München 1. FC Köln 21 Claudio Pizarro
76%
21.08.1988 Borussia DortmundFC Bayern München 16 Robert Lewandowski
71%
23.03.1989 Hamburger SV1. FC Nürnberg 1. FSV Mainz 05 FC Schalke 04 FC Bayern München 13 Eric Maxim Choupo-Moting
43%
07.04.1983 FC Bayern München 15 Franck Ribéry
39%
16.10.1970 Karlsruher SCFC Bayern München 14 Mehmet Scholl
38%
23.01.1984 FC Bayern München 13 Arjen Robben
37%
28.02.1974 Dynamo DresdenFC Bayern München 18 Alexander Zickler
33%
28.11.1983 Werder BremenBorussia Dortmund Eintracht Frankfurt 13 Nelson Valdez
20%
25.03.1965 Werder Bremen1. FC Köln Hamburger SV VfB Oldenburg 13 Frank Ordenewitz
11%
18.12.1960 VfL Borussia Mönchengladbach1. FC Nürnberg 14 Hans-Jörg Criens
10%
08.10.1965 Bayer 04 LeverkusenArminia Bielefeld Hannover 96 VfL Bochum Werder Bremen 1. FC Köln FC Schalke 04 13 Stefan Kohn
6%
07.11.1961 Fortuna DüsseldorfVfL Borussia Mönchengladbach MSV Duisburg 1. FC Union Berlin 13 Günter Thiele
4%
Keine übereinstimmenden Quizze gefunden
Verteilung der Resultate
Anzahl Personen mit jedem Resultat
Perzentil nach korrekt beantworteten Fragen
Ihre Resultats-Entwicklung
Sie haben dieses Quiz noch nicht gespielt